Gentilés de la métropole toulousaine. Où habitent les ... - Statistiques

Statistiques générales
  • Ce quiz a été pris 15 fois
  • Le résultat moyen est 25 sur 37
Statistiques - réponses
Gentilé Commune % Correct
B Blagnacais Blagnac
100%
B Balmanais Balma
93%
C Columérins Colomiers
93%
C Cugnalais Cugnaux
93%
T Toulousain Toulouse
93%
T Tournefeuillais Tournefeuille
93%
A Aucamvillois Aucamville
86%
M Mondonvillois Mondonville
86%
Q Quintfonsegrivois Quint-Fonsegrives
86%
S Saint-Albanais Saint-Alban
86%
S Saint-Jeannais Saint-Jean
86%
C Cornebarriens Cornebarrieu
79%
F Flourensois Flourens
79%
L Unionais L'Union
79%
P Pibracais Pibrac
79%
P Pino-Balméens Pin-Balma
79%
S Saint-Joryens Saint-Jory
79%
S Seilhois Seilh
79%
A Aigrefeuillois Aigrefeuille
71%
A Aussonnais Aussonne
71%
B Beauzellois Beauzelle
71%
B Braxois Brax
71%
M Monsois Mons
71%
M Montrabéens Montrabé
71%
B Bruguiérois Bruguiéres
64%
L Launaguettois Launaguet
64%
M Mondouziliens Mondouzil
64%
C Castelginestois Castelginest
57%
G Gratentourois Gratentour
57%
L Lespinassois Lespinasse
57%
D Drémilois Drémil-Lafage
43%
F Fénolhetencs Fenouillet
29%
F Bauzifontins Fonbeauzard
29%
G Gagnacais Gagnac-sur-Garonne
29%
B Beaupéens Beaupuy
21%
V Villeneuvois Villeneuve-Tolosane
21%
S Saint-Orennais Saint-Orens-de-Garneville
7%
Aucun quiz correspondant
Distribution des résultats
% des personnes avec chaque résultat
Percentile par nombre de réponses
Votre historique - résultats
Vous n’avez pas pris ce quiz